[Event "Belgrade Cup 16th"]
[Site "Belgrade"]
[Date "2016.05.13"]
[Round "5.2"]
[White "Orlov, Pavle"]
[Black "Spiric, Igor"]
[Result "0-1"]
[WhiteElo "2235"]
[BlackElo "2266"]
[PlyCount "92"]
[EventDate "2016.05.09"]
[EventType "team-swiss"]
[EventRounds "5"]
[EventCountry "SRB"]
[SourceTitle "CBM 172 Extra"]
[Source "ChessBase"]
[SourceDate "2016.06.21"]
[SourceVersion "1"]
[SourceVersionDate "2016.06.21"]
[SourceQuality "1"]
[WhiteTeam "Belgrade Radnicki"]
[BlackTeam "Romanticari"]
[WhiteTeamCountry "SRB"]
[BlackTeamCountry "SRB"]

1. Nf3 e6 2. d4 b6 3. Bf4 Bb7 4. e3 f5 5. Be2 Nf6 6. c4 Bb4+ 7. Kf1 Be7 8. Nc3 Ne4 9. Nxe4 fxe4 10. Nd2 0-0 11. Kg1 c5 12. dxc5 Bxc5 13. Nb3 Qf6 14. Nxc5 bxc5 15. Qb3 Bc6 16. h3 Na6 17. Rf1 e5 18. Bg3 Rab8 19. Qc3 d6 20. Rd1 Rb6 21. Kh2 Bb7 22. Rd2 Nb4 23. b3 Nc6 24. Rhd1 Ne7 25. Bg4 Ng6 26. a3 Nf4 27. exf4 exf4 28. Qxf6 fxg3+ 29. Kxg3 Rxf6 30. b4 cxb4 31. axb4 Rxb4 32. Rxd6 Rb3+ 33. Kh2 Rxf2 34. Rd8+ Kf7 35. R8d7+ Kg6 36. Re7 e3 37. Rd6+ Kg5 38. Rxg7+ Kf4 39. Rf7+ Ke5 40. Re6+ Kd4 41. Rd6+ Kc5 42. Rxf2 exf2 43. Rd1 Rb2 44. Kg3 a5 45. Bf3 Bxf3 46. gxf3 a4 0-1

[Event "Belgrade-chT"]
[Site "Belgrade"]
[Date "2015.09.23"]
[Round "3.2"]
[White "Milin, Dragan"]
[Black "Orlov, Pavle"]
[Result "1/2-1/2"]
[WhiteElo "2056"]
[BlackElo "2239"]
[PlyCount "26"]
[EventDate "2015.09.21"]
[EventType "team-tourn"]
[EventRounds "9"]
[EventCountry "SRB"]
[SourceTitle "CBM 168 Extra"]
[Source "ChessBase"]
[SourceDate "2015.10.29"]
[SourceVersion "1"]
[SourceVersionDate "2015.10.29"]
[SourceQuality "1"]
[WhiteTeam "Bogoslov"]
[BlackTeam "Belgrade Radnicki"]
[WhiteTeamCountry "SRB"]
[BlackTeamCountry "SRB"]

1. d4 f5 2. Qd3 d6 3. Nc3 Nf6 4. f3 e6 5. Bg5 Be7 6. 0-0-0 0-0 7. e4 fxe4 8. Nxe4 Nxe4 9. Bxe7 Qxe7 10. Qxe4 Qg5+ 11. Kb1 Qf4 12. Bd3 Qxe4 13. Bxe4 Nd7 1/2-1/2

[Event "Belgrade-chT"]
[Site "Belgrade"]
[Date "2015.09.22"]
[Round "2.4"]
[White "Orlov, Pavle"]
[Black "Pucarevic, Milenko"]
[Result "1-0"]
[WhiteElo "2239"]
[BlackElo "2165"]
[PlyCount "150"]
[EventDate "2015.09.21"]
[EventType "team-tourn"]
[EventRounds "9"]
[EventCountry "SRB"]
[SourceTitle "CBM 168 Extra"]
[Source "ChessBase"]
[SourceDate "2015.10.29"]
[SourceVersion "1"]
[SourceVersionDate "2015.10.29"]
[SourceQuality "1"]
[WhiteTeam "Belgrade Radnicki"]
[BlackTeam "Romanticari"]
[WhiteTeamCountry "SRB"]
[BlackTeamCountry "SRB"]

1. Nf3 g6 2. d4 Bg7 3. g3 c5 4. d5 d6 5. Bg2 Nf6 6. 0-0 b5 7. c4 a6 8. h3 Nbd7 9. a4 bxc4 10. a5 Rb8 11. Nc3 0-0 12. Qc2 e5 13. e4 Ne8 14. Nd2 Nc7 15. Nxc4 Qe7 16. Ne3 Nf6 17. Bd2 Nh5 18. Rfe1 Bd7 19. Nf1 Rb7 20. b3 Rfb8 21. Rab1 Qf8 22. Kh2 Bh6 23. Bxh6 Qxh6 24. Ne3 Nb5 25. Nxb5 axb5 26. Ra1 Ra7 27. b4 c4 28. Nd1 Ng7 29. Qc1 g5 30. Nc3 Qh5 31. Kg1 Qg6 32. f3 h6 33. g4 Qf6 34. Qe3 Ra6 35. Kf2 Kf8 36. Ke2 Ke7 37. Rh1 h5 38. h4 gxh4 39. g5 Qg6 40. Rxh4 f5 41. gxf6+ Qxf6 42. Rhh1 h4 43. Rag1 Nh5 44. Kd2 Nf4 45. Ne2 Rg8 46. Bf1 Rxg1 47. Qxg1 Nd3 48. Qg8 Qh6+ 49. f4 Nxf4 50. Nxf4 Qxf4+ 51. Kc3 Qe3+ 52. Kb2 Qb3+ 53. Kc1 Qc3+ 54. Kd1 Qd4+ 55. Kc1 Qe3+ 56. Kd1 Qf3+ 57. Kc1 Qf4+ 58. Kd1 Bg4+ 59. Be2 Bxe2+ 60. Kxe2 Qxe4+ 61. Kf2 Qf5+ 62. Ke2 Qd3+ 63. Kf2 Qd2+ 64. Kf3 Qh6 65. Rg1 Qf8+ 66. Ke3 Qxg8 67. Rxg8 Kf6 68. Rg4 Ra8 69. Rxh4 Rc8 70. Rh6+ Ke7 71. Rh7+ Kf6 72. Rh6+ Ke7 73. Rh7+ Kd8 74. a6 c3 75. a7 c2 1-0

[Event "Belgrade-chT"]
[Site "Belgrade"]
[Date "2013.10.17"]
[Round "6.3"]
[White "Popovic, Andrija"]
[Black "Orlov, Pavle"]
[Result "1-0"]
[WhiteElo "2229"]
[BlackElo "2242"]
[PlyCount "139"]
[EventDate "2013.10.12"]
[EventType "team-tourn"]
[EventRounds "11"]
[EventCountry "SRB"]
[SourceTitle "EXT 2014"]
[Source "ChessBase"]
[SourceDate "2013.11.20"]
[SourceVersion "1"]
[SourceVersionDate "2013.11.20"]
[SourceQuality "1"]
[WhiteTeam "GSP Polet"]
[BlackTeam "Belgrade Radnicki"]
[WhiteTeamCountry "SRB"]
[BlackTeamCountry "SRB"]

1. e4 e5 2. Nf3 Nc6 3. Bc4 Be7 4. d4 d6 5. h3 Nf6 6. Nc3 0-0 7. 0-0 exd4 8. Nxd4 Ne5 9. Bb3 c5 10. Nf3 c4 11. Nxe5 cxb3 12. Nc4 bxc2 13. Qd4 Be6 14. Ne3 Ne8 15. Bd2 Nc7 16. Rfc1 Bf6 17. Qd3 Na6 18. Nxc2 Nc5 19. Qe3 Re8 20. Rd1 Qb6 21. b3 Rac8 22. Rac1 a5 23. Kh1 Qa6 24. Nd4 Nd3 25. Rb1 Nb4 26. Rdc1 Nd3 27. Rf1 Nb4 28. f4 Qb6 29. e5 Nd5 30. Nxd5 Bxd5 31. Nf5 Qc6 32. Nxd6 Bxg2+ 33. Kh2 Bxf1 34. Rxf1 Qxd6 35. exd6 Rxe3 36. Bxe3 Rc2+ 37. Rf2 Rxf2+ 38. Bxf2 Kf8 39. Bb6 Ke8 40. Bxa5 Kd7 41. Bb4 Bd4 42. Kg3 f5 43. Kf3 h6 44. a4 g5 45. Ba3 Kc6 46. d7 Bf6 47. Bf8 h5 48. fxg5 Bxg5 49. Bh6 Bh4 50. Kf4 Kxd7 51. Kxf5 Be1 52. Be3 Kd6 53. Ke4 Kc6 54. Kd4 b5 55. Ke5 bxa4 56. bxa4 Kb7 57. Bg5 Kb6 58. Bd8+ Kc5 59. Kf5 Kb4 60. a5 Kb5 61. Kg5 Ka6 62. Kxh5 Kb7 63. Kg4 Ka6 64. Bc7 Kb7 65. Bg3 Bxa5 66. h4 Kc6 67. h5 Kd7 68. h6 Bc3 69. Kf5 Ke8 70. Kg6 1-0

[Event "Belgrade-chT"]
[Site "Belgrade"]
[Date "2013.10.14"]
[Round "3.3"]
[White "Orlov, Pavle"]
[Black "Ivic, Velimir"]
[Result "1-0"]
[WhiteElo "2242"]
[BlackElo "1950"]
[PlyCount "57"]
[EventDate "2013.10.12"]
[EventType "team-tourn"]
[EventRounds "11"]
[EventCountry "SRB"]
[SourceTitle "EXT 2014"]
[Source "ChessBase"]
[SourceDate "2013.11.20"]
[SourceVersion "1"]
[SourceVersionDate "2013.11.20"]
[SourceQuality "1"]
[WhiteTeam "Belgrade Radnicki"]
[BlackTeam "Belgrade"]
[WhiteTeamCountry "SRB"]
[BlackTeamCountry "SRB"]

1. Nf3 f5 2. e4 fxe4 3. Ng5 Nf6 4. d3 e6 5. dxe4 Nc6 6. Bd3 Bc5 7. Bf4 d6 8. Bg3 0-0 9. c3 h6 10. Nf3 Nh5 11. Nbd2 Ne5 12. Bxe5 dxe5 13. Nb3 Bb6 14. g3 Qf6 15. Be2 Qg6 16. c4 a5 17. c5 Ba7 18. 0-0 Nf4 19. Rc1 Nxe2+ 20. Qxe2 Qh5 21. Rc3 a4 22. Nbd2 Bd7 23. b4 axb3 24. axb3 c6 25. Ra1 b6 26. b4 bxc5 27. Rca3 cxb4 28. Rxa7 Rxa7 29. Rxa7 1-0

[Event "Belgrade-chT"]
[Site "Belgrade"]
[Date "2012.10.02"]
[Round "2.2"]
[White "Pantovic, Dragan M"]
[Black "Orlov, Pavle"]
[Result "1/2-1/2"]
[WhiteElo "2138"]
[BlackElo "2247"]
[PlyCount "66"]
[EventDate "2012.10.01"]
[EventType "team-tourn"]
[EventRounds "11"]
[EventCountry "SRB"]
[SourceTitle "CBM 150 Extra"]
[Source "ChessBase"]
[SourceDate "2012.10.19"]
[SourceVersion "1"]
[SourceVersionDate "2012.10.19"]
[SourceQuality "1"]
[WhiteTeam "Cyril i Metodije"]
[BlackTeam "Belgrade Radnicki"]
[WhiteTeamCountry "SRB"]
[BlackTeamCountry "SRB"]

1. Nf3 f5 2. g3 Nf6 3. Bg2 g6 4. c4 Bg7 5. 0-0 d6 6. d4 0-0 7. Nc3 Nc6 8. d5 Na5 9. Qa4 c5 10. dxc6 bxc6 11. c5 dxc5 12. Ne5 Be6 13. Nxc6 Nxc6 14. Qxc6 Qb6 15. Qxb6 axb6 16. Bxa8 Rxa8 17. Rd1 Kf7 18. f3 Ne8 19. Bf4 Bxc3 20. bxc3 Nf6 21. Rdb1 Ra6 22. Rb2 Bc4 23. Be5 Nd7 24. Bc7 b5 25. Rd2 Be6 26. Rb1 Ra7 27. Bf4 Bc4 28. Rbd1 Nb6 29. e4 fxe4 30. fxe4 Ra3 31. Be5 Ke6 32. Bg7 Kf7 33. Be5 Ke6 1/2-1/2

[Event "Belgrade-chT"]
[Site "Belgrade"]
[Date "2012.10.01"]
[Round "1.3"]
[White "Sarenac, Ivan"]
[Black "Orlov, Pavle"]
[Result "1-0"]
[WhiteElo "2377"]
[BlackElo "2247"]
[PlyCount "84"]
[EventDate "2012.10.01"]
[EventType "team-tourn"]
[EventRounds "11"]
[EventCountry "SRB"]
[SourceTitle "CBM 150 Extra"]
[Source "ChessBase"]
[SourceDate "2012.10.19"]
[SourceVersion "1"]
[SourceVersionDate "2012.10.19"]
[SourceQuality "1"]
[WhiteTeam "Belgrade Delfin"]
[BlackTeam "Belgrade Radnicki"]
[WhiteTeamCountry "SRB"]
[BlackTeamCountry "SRB"]

1. e4 e5 2. Nf3 Nc6 3. Nc3 d6 4. d4 Be7 5. Be2 Nxd4 6. Nxd4 exd4 7. Qxd4 Bf6 8. Qd3 Ne7 9. Be3 0-0 10. 0-0-0 Be6 11. f4 Nc6 12. a3 Re8 13. g4 g5 14. h4 gxf4 15. Bxf4 Ne5 16. Qe3 Ng6 17. Bg5 Bxg5 18. hxg5 Kg7 19. Rh5 Qe7 20. Nb5 Rh8 21. Nd4 Rae8 22. Rdh1 Ne5 23. Qh3 Reg8 24. Nf5+ Bxf5 25. gxf5 Kf8 26. Qc3 c5 27. Kb1 a6 28. f6 Qe6 29. Rxh7 Rxh7 30. Rxh7 b5 31. Bh5 Ke8 32. Qd2 Kd7 33. b3 Kc6 34. Be2 Kb6 35. Qe3 a5 36. Rh1 Rc8 37. Rd1 b4 38. a4 Rh8 39. Bf1 Kc7 40. Qe2 Qg4 41. Qd2 Rd8 42. Qd5 Qc8 1-0

[Event "SRB-chT"]
[Site "Belgrade"]
[Date "2010.10.09"]
[Round "9"]
[White "Jovanovic, Sasa T"]
[Black "Orlov, Pavle"]
[Result "1/2-1/2"]
[WhiteElo "2283"]
[BlackElo "2238"]
[PlyCount "39"]
[EventDate "2010.10.01"]
[EventType "team-tourn"]
[EventRounds "11"]
[EventCountry "YUG"]
[SourceTitle "CBM 138 Extra"]
[Source "ChessBase"]
[SourceDate "2010.10.29"]
[SourceVersion "1"]
[SourceVersionDate "2010.10.29"]
[SourceQuality "1"]

1. d4 Nf6 2. c4 e6 3. Nc3 Bb4 4. g3 0-0 5. Bg2 d6 6. Qb3 Nc6 7. Nf3 Ne4 8. 0-0 Bxc3 9. bxc3 Na5 10. Qc2 d5 11. cxd5 exd5 12. Ne5 Re8 13. f3 Nd6 14. e4 b6 15. exd5 Ba6 16. Rd1 f6 17. Nc6 Qd7 18. Nxa5 bxa5 19. Bd2 Bc4 20. Re1 1/2-1/2

[Event "SRB-chT"]
[Site "Belgrade"]
[Date "2010.10.05"]
[Round "5"]
[White "Orlov, Pavle"]
[Black "Jovanovic, Zoran"]
[Result "1-0"]
[WhiteElo "2238"]
[BlackElo "2339"]
[PlyCount "71"]
[EventDate "2010.10.01"]
[EventType "team-tourn"]
[EventRounds "11"]
[EventCountry "YUG"]
[SourceTitle "CBM 138 Extra"]
[Source "ChessBase"]
[SourceDate "2010.10.29"]
[SourceVersion "1"]
[SourceVersionDate "2010.10.29"]
[SourceQuality "1"]

1. Nf3 d5 2. d4 Nf6 3. c4 c6 4. Nc3 dxc4 5. a4 Bf5 6. Ne5 Nbd7 7. Nxc4 Nb6 8. e3 e6 9. Be2 Nxc4 10. Bxc4 Bd6 11. Qe2 Bb4 12. 0-0 0-0 13. Rd1 Bg6 14. f3 Nd5 15. Bd2 a5 16. e4 Nb6 17. Bb3 Re8 18. Be3 f6 19. Qf2 Nd7 20. Rac1 Bf7 21. f4 f5 22. Qf3 Nf6 23. e5 Bh5 24. Qg3 Nd5 25. Rd2 h6 26. Rdc2 Nxe3 27. Qxe3 Qd7 28. Ne2 Rad8 29. Ng3 Bf7 30. Rc4 Ra8 31. Bd1 Red8 32. Bf3 Qe8 33. h3 Rd7 34. Kh2 Rad8 35. R1c2 Qe7 36. Ne2 1-0

[Event "Belgrade-chT"]
[Site "Belgrade"]
[Date "2009.10.10"]
[Round "7"]
[White "Cvetkovic, Nemanja"]
[Black "Orlov, Pavle"]
[Result "1/2-1/2"]
[WhiteElo "2242"]
[BlackElo "2259"]
[PlyCount "59"]
[EventDate "2009.10.04"]
[EventType "team-tourn"]
[EventRounds "9"]
[EventCountry "YUG"]
[SourceTitle "CBM 132 Extra"]
[Source "ChessBase"]
[SourceDate "2009.11.03"]
[SourceVersion "1"]
[SourceVersionDate "2009.11.03"]
[SourceQuality "1"]

1. d4 f5 2. c4 Nf6 3. Nf3 d6 4. g3 g6 5. Bg2 Bg7 6. 0-0 0-0 7. Nc3 Nc6 8. d5 Ne5 9. Nd2 c5 10. b3 a6 11. Bb2 Bd7 12. a4 g5 13. Nf3 h6 14. Nxe5 dxe5 15. d6 e4 16. f3 Bc6 17. dxe7 Qxe7 18. Nd5 Bxd5 19. cxd5 Rad8 20. fxe4 fxe4 21. Qc2 Nxd5 22. Bxg7 Kxg7 23. Rxf8 Rxf8 24. Qxe4 Qxe4 25. Bxe4 Nc3 26. Bf3 b5 27. axb5 axb5 28. Ra6 Rf6 29. Ra8 Rf8 30. Ra6 1/2-1/2

[Event "Belgrade-chT"]
[Site "Belgrade"]
[Date "2009.10.04"]
[Round "1"]
[White "Orlov, Pavle"]
[Black "Vujadinovic, Milan"]
[Result "1-0"]
[WhiteElo "2259"]
[BlackElo "2169"]
[PlyCount "65"]
[EventDate "2009.10.04"]
[EventType "team-tourn"]
[EventRounds "9"]
[EventCountry "YUG"]
[SourceTitle "CBM 132 Extra"]
[Source "ChessBase"]
[SourceDate "2009.11.03"]
[SourceVersion "1"]
[SourceVersionDate "2009.11.03"]
[SourceQuality "1"]

1. Nf3 c5 2. e3 g6 3. d4 Bg7 4. Be2 Nf6 5. 0-0 cxd4 6. exd4 0-0 7. Re1 d5 8. Ne5 Nfd7 9. f4 Qb6 10. Kh1 Nc6 11. c3 Nf6 12. Bf3 Be6 13. Nd2 Rac8 14. Nf1 Rfd8 15. Qe2 Qa5 16. a4 a6 17. Bd2 Qc7 18. b4 Re8 19. Ng3 Nxe5 20. fxe5 Nd7 21. a5 f6 22. exf6 exf6 23. b5 Bf7 24. Qd3 Nb8 25. Reb1 Bf8 26. Nf1 Bd6 27. Ne3 Rxe3 28. Qxe3 Bxh2 29. bxa6 bxa6 30. Rb6 Re8 31. Qh6 Bd6 32. Rab1 Bf8 33. Qf4 1-0

[Event "Belgrade-chT"]
[Site "Belgrade"]
[Date "2008.10.10"]
[Round "6"]
[White "Orlov, Pavle"]
[Black "Popovic, Aleksandar M"]
[Result "0-1"]
[WhiteElo "2274"]
[BlackElo "2299"]
[PlyCount "50"]
[EventDate "2008.10.05"]
[EventType "team-tourn"]
[EventRounds "9"]
[EventCountry "YUG"]
[SourceTitle "CBM 126 Extra"]
[Source "ChessBase"]
[SourceDate "2008.11.05"]
[SourceVersion "1"]
[SourceVersionDate "2008.11.05"]
[SourceQuality "1"]

1. Nf3 g6 2. d4 Bg7 3. g3 Nf6 4. Bg2 0-0 5. 0-0 d6 6. d5 c5 7. Nc3 Na6 8. h3 Rb8 9. a4 b6 10. Re1 Nc7 11. e4 Bb7 12. Bf4 a6 13. Qd2 b5 14. Bh6 b4 15. Bxg7 Kxg7 16. Nd1 e6 17. c4 bxc3 18. Nxc3 exd5 19. exd5 Ncxd5 20. Rad1 Qb6 21. Nh4 Nxc3 22. Nf5+ Kh8 23. a5 Qd8 24. Bxb7 Nxd1 25. Nxd6 Rxb7 0-1

[Event "Belgrade Winter op"]
[Site "Belgrade"]
[Date "2008.01.29"]
[Round "8"]
[White "Petrovic, Petar"]
[Black "Orlov, Pavle"]
[Result "1-0"]
[WhiteElo "2110"]
[BlackElo "2274"]
[PlyCount "92"]
[EventDate "2008.01.22"]
[EventType "swiss"]
[EventRounds "9"]
[EventCountry "YUG"]
[SourceTitle "CBM 122 Extra"]
[Source "ChessBase"]
[SourceDate "2008.03.04"]
[SourceVersion "1"]
[SourceVersionDate "2008.03.04"]
[SourceQuality "1"]

1. c4 f5 2. Nc3 Nf6 3. d4 g6 4. g3 Bg7 5. Bg2 0-0 6. Nh3 e6 7. 0-0 d6 8. Nf4 c6 9. Nd3 Nbd7 10. e3 e5 11. b3 e4 12. Nf4 Re8 13. Ba3 Nf8 14. Rc1 g5 15. Nh5 Nxh5 16. Qxh5 Be6 17. Qd1 Bf7 18. Qd2 g4 19. d5 c5 20. Ne2 Ng6 21. Nf4 Nxf4 22. gxf4 Qf6 23. Rc2 Reb8 24. b4 b6 25. Rb1 cxb4 26. Qxb4 Rd8 27. Bb2 Qe7 28. Bxg7 Kxg7 29. a4 Rdc8 30. a5 bxa5 31. Qxa5 Rc5 32. Qd2 Qc7 33. Rcb2 a5 34. Bf1 a4 35. Rb7 Qd8 36. Qb2+ Qf6 37. Qa3 Kg6 38. R1b4 Be8 39. Rb8 Rxb8 40. Rxb8 Qe7 41. Ra8 Kf7 42. Qb2 Kg6 43. Qb8 Kf7 44. Ra7 Bd7 45. Qh8 Kg6 46. Qg8+ Kh6 1-0

[Event "Belgrade Winter op"]
[Site "Belgrade"]
[Date "2008.01.26"]
[Round "5"]
[White "Orlov, Pavle"]
[Black "Nestorovic, Nikola"]
[Result "1/2-1/2"]
[WhiteElo "2274"]
[BlackElo "2421"]
[PlyCount "76"]
[EventDate "2008.01.22"]
[EventType "swiss"]
[EventRounds "9"]
[EventCountry "YUG"]
[SourceTitle "CBM 122 Extra"]
[Source "ChessBase"]
[SourceDate "2008.03.04"]
[SourceVersion "1"]
[SourceVersionDate "2008.03.04"]
[SourceQuality "1"]

1. d4 Nf6 2. Nf3 g6 3. g3 c5 4. d5 b5 5. Bg2 d6 6. 0-0 Bg7 7. Re1 0-0 8. h3 Bb7 9. e4 Nbd7 10. a4 b4 11. a5 Rb8 12. Qd3 Qc8 13. a6 Ba8 14. Nbd2 Nb6 15. c4 bxc3 16. bxc3 c4 17. Qc2 Nfd7 18. Bf1 Nc5 19. Nxc4 Nxc4 20. Bxc4 Qxh3 21. Nd4 Rfc8 22. Bf4 Nb3 23. Qd3 Nxa1 24. Rxa1 Rc5 25. Be3 Bh6 26. Bxh6 Qxh6 27. Bb5 Qh3 28. c4 h5 29. Nf3 e5 30. Qe3 Rc7 31. Qg5 Qc8 32. Kg2 Qd8 33. Qe3 Kg7 34. Rh1 Qf6 35. Ng5 Rh8 36. Rh4 Re7 37. Qd2 Rc7 38. Nf3 Re7 1/2-1/2

[Event "Belgrade Winter op"]
[Site "Belgrade"]
[Date "2008.01.24"]
[Round "3"]
[White "Orlov, Pavle"]
[Black "Jovicic, Radosav"]
[Result "1-0"]
[WhiteElo "2274"]
[BlackElo "2288"]
[PlyCount "73"]
[EventDate "2008.01.22"]
[EventType "swiss"]
[EventRounds "9"]
[EventCountry "YUG"]
[SourceTitle "CBM 122 Extra"]
[Source "ChessBase"]
[SourceDate "2008.03.04"]
[SourceVersion "1"]
[SourceVersionDate "2008.03.04"]
[SourceQuality "1"]

1. d4 Nf6 2. Nf3 g6 3. g3 c5 4. d5 d6 5. Bg2 Bg7 6. 0-0 0-0 7. Nc3 Na6 8. h3 Nc7 9. a4 e6 10. dxe6 fxe6 11. e4 e5 12. Bg5 Be6 13. Qd2 Qe7 14. Rad1 Rad8 15. Rfe1 a6 16. a5 Qd7 17. Kh2 Qc6 18. b3 Kh8 19. Bh6 Bg8 20. Bxg7+ Kxg7 21. Nh4 Qe8 22. Qe3 Ne6 23. Rd2 Nd4 24. Rb1 Nc6 25. Qg5 Kh8 26. f4 exf4 27. gxf4 Nh5 28. e5 Nd4 29. exd6 Rxf4 30. Ne2 Rxh4 31. Qxh4 Qe5+ 32. Ng3 Rxd6 33. Rbd1 Rf6 34. Rxd4 cxd4 35. Rd3 Rf4 36. Qd8 Kg7 37. Nxh5+ 1-0